Միջազգային գիտաժողով՝ Անին միջնադարյան Հայաստանի քաղաքական և քաղաքակրթական կենտրոն= : (Record no. 328782)
[ view plain ]
| 000 -LEADER | |
|---|---|
| fixed length control field | 01306nam a2200229 a 4500 |
| 001 - CONTROL NUMBER | |
| control field | 000991000 |
| 003 - CONTROL NUMBER IDENTIFIER | |
| control field | AM-YEHGA |
| 005 - DATE AND TIME OF LATEST TRANSACTION | |
| control field | 20250617150324.0 |
| 008 - FIXED-LENGTH DATA ELEMENTS--GENERAL INFORMATION | |
| fixed length control field | 131104s2012 ai r 000 0 arm d |
| 020 ## - INTERNATIONAL STANDARD BOOK NUMBER | |
| International Standard Book Number | 9785808009578 |
| 040 ## - CATALOGING SOURCE | |
| Original cataloging agency | AM-YeHGA |
| 041 0# - LANGUAGE CODE | |
| Language code of text/sound track or separate title | arm |
| 090 ## - LOCALLY ASSIGNED LC-TYPE CALL NUMBER (OCLC); LOCAL CALL NUMBER (RLIN) | |
| -- | 330535 |
| 111 2# - MAIN ENTRY--MEETING NAME | |
| Meeting name or jurisdiction name as entry element | Միջազգային գիտաժողով՝ Անին միջնադարյան Հայաստանի քաղաքական և քաղաքակրթական կենտրոն |
| Date of meeting or treaty signing | (2011 : |
| Location of meeting | Երևան) |
| 245 10 - TITLE STATEMENT | |
| Title | Միջազգային գիտաժողով՝ Անին միջնադարյան Հայաստանի քաղաքական և քաղաքակրթական կենտրոն= : |
| Remainder of title | International Conference Ani as Political and Civilizational Centre of Medival Armenia; Զեկուցումների ժողովածու Երևան, 15-17 նոյեմբեր, 2011 թ. / |
| Statement of responsibility, etc. | ՀՀ ԳԱԱ. |
| 246 14 - VARYING FORM OF TITLE | |
| Title proper/short title | Անին միջնադարյան Հայաստանի քաղաքական և քաղաքակրթական կենտրոն |
| 246 31 - VARYING FORM OF TITLE | |
| Title proper/short title | International Conference Ani as Political and Civilizational Centre of Medival Armenia |
| 260 ## - PUBLICATION, DISTRIBUTION, ETC. | |
| Place of publication, distribution, etc. | Երևան : |
| Name of publisher, distributor, etc. | Գիտություն, |
| Date of publication, distribution, etc. | 2012. |
| 300 ## - PHYSICAL DESCRIPTION | |
| Extent | 392 էջ. |
| 650 14 - SUBJECT ADDED ENTRY--TOPICAL TERM | |
| Topical term or geographic name entry element | Հայոց պատմություն |
| Geographic subdivision | Անի |
| 710 2# - ADDED ENTRY--CORPORATE NAME | |
| Corporate name or jurisdiction name as entry element | Գիտությունների ազգային ակադեմիա ՀՀ |
| Withdrawn status | Lost status | Damaged status | Not for loan | Collection | Home library | Current library | Date acquired | Cost, normal purchase price | Shelving control number | Total checkouts | Full call number | Barcode | Date last seen | Price effective from | Koha item type | Public note |
|---|---|---|---|---|---|---|---|---|---|---|---|---|---|---|---|---|
| General | Fundamental Scientific Library | Fundamental Scientific Library | 09/01/2017 | 5000.00 | AII/99174 | FL0275038 | 09/01/2017 | 09/01/2017 | Գրքեր / Books | 30 Days Loan | ||||||
| General | Fundamental Scientific Library | Fundamental Scientific Library | 06/08/2021 | AII/107564 | FL0656298 | 06/08/2021 | 06/08/2021 | Գրքեր / Books | 30 Days Loan |
ՀՀ Գիտությունների ազգային ակադեմիայի հիմնարար գիտական գրադարան = Fundamental Scientific Library of NAS RA
All site content, except where otherwise noted, is licensed under a